00283nam a2200121Ia 4500008004100000041000900041082001800050100001300068245002100081260004300102300000800145650000800153230718s9999 xx 000 0 und d aEng. a346.03bRAT-T aRatantal 4aThe law of Torts aPakistanbOxfor university pressc2005 a898 aLaw